| 000 | 00781nam a2200289Ia 4500 | ||
|---|---|---|---|
| 003 | OSt | ||
| 005 | 20220912151544.0 | ||
| 006 | a|||||r|||| 00| 0 | ||
| 007 | ta | ||
| 008 | 220909b |||||||| |||| 00| 0 eng d | ||
| 024 | _a14345 | ||
| 037 | _cTextual | ||
| 040 |
_aCSL _beng _cCSL |
||
| 041 | _aeng | ||
| 082 | _aCM65, J9;L1 TC | ||
| 100 | _aLandau L D | ||
| 245 | 0 | _aClassical theory of fields | |
| 260 |
_aOxford _bPergamon Press _c1971 |
||
| 300 |
_a374p. _ccm. |
||
| 500 |
_aIndex 371-374p. _ccm. |
||
| 650 | _a Classical theory | ||
| 650 | _aPhysics | ||
| 700 | _a Hamermesh Morton Tr. | ||
| 700 | _a Lifshitz E M | ||
| 942 |
_hCM65, J9;L1 TC _cTEXL _2CC |
||
| 999 |
_c71231 _d71231 |
||